People and leisure / (Record no. 8109)
[ view plain ]
| 000 -LEADER | |
|---|---|
| fixed length control field | 00640nam a22002412a 4500 |
| 001 - CONTROL NUMBER | |
| JCCL Control Number | 8109 |
| 003 - CONTROL NUMBER IDENTIFIER | |
| JCCL marc code | BD - JhCC |
| 005 - DATE AND TIME OF LATEST TRANSACTION | |
| control field | 20180218185453.0 |
| 008 - FIXED-LENGTH DATA ELEMENTS--GENERAL INFORMATION | |
| fixed length control field | 500101s1971 enka j 001 0 eng d |
| 020 ## - INTERNATIONAL STANDARD BOOK NUMBER | |
| International Standard Book Number | 0602212375 (pbk.) |
| 035 ## - SYSTEM CONTROL NUMBER | |
| system control number | (BD - JhCC)8109 |
| 040 ## - CATALOGING SOURCE | |
| Original cataloging agency | EUT |
| Transcribing agency | EUT |
| Modifying agency | EQO |
| -- | BD - JhCC |
| 041 ## - LANGUAGE CODE | |
| Language code of Book | eng |
| 082 ## - DEWEY DECIMAL CLASSIFICATION NUMBER | |
| Author mark and Year | ASH 1971 |
| 100 1# - MAIN ENTRY--PERSONAL NAME | |
| Personal name | Ashton, E. T. |
| Fuller form of name | (Elwyn Thomas) |
| 245 10 - TITLE STATEMENT | |
| Title | People and leisure / |
| Statement of responsibility, etc | E.T. Ashton ; illustrated by George Adamson |
| 260 ## - PUBLICATION, DISTRIBUTION, ETC. (IMPRINT) | |
| Place of publication, distribution, etc | London : |
| Name of publisher, distributor, etc | Ginn, |
| Date of publication, distribution, etc | 1971 |
| 300 ## - PHYSICAL DESCRIPTION | |
| Pagination | 81 p. : |
| Other physical details | ill. ; |
| Dimensions | 21 cm |
| 500 ## - GENERAL NOTE | |
| General note | Includes index |
| 830 #4 - SERIES ADDED ENTRY--UNIFORM TITLE | |
| Uniform title | The world today |
| 942 ## - ADDED ENTRY ELEMENTS (KOHA) | |
| Source of classification or shelving scheme | Dewey Decimal Classification |
| Koha item type | Books |
| Source of classification or shelving scheme | Damaged status | Not for loan | Home library | Current library | Shelving location | Total Checkouts | Full call number | Barcode | Date last seen | Copy number | Koha item type |
|---|---|---|---|---|---|---|---|---|---|---|---|
| Dewey Decimal Classification | JCC Rouf Library | JCC Rouf Library | General Stacks | ASH 1971 | 10684 | 02/18/2018 | C - 1 | Books |